[Event "Welcome Tournament for New Players #5"]
[Site "SchemingMind.com"]
[Date "2008.01.14"]
[Round "-"]
[White "MazetaFighter"]
[Black "Lucas the Pirate"]
[Result "1-0"]
[WhiteCountry "GRE"]
[BlackCountry "ISR"]
[WhiteElo "2037"]
[WhiteRD "69"]
[BlackElo "1782"]
[BlackRD "127"]
[GameID "137293"]

1. e4 e5 2. Nf3 Nc6 3. Bb5 a6 4. Bxc6 dxc6 5. d4 exd4 6. Qxd4 Qxd4 7. Nxd4 Bd6 8. Nc3 Bd7 9. Be3 O-O-O 10. O-O-O Ne7
11. f3 Ng6 12. Nde2 Rhe8 13. a3 Be6 14. Nd4 Ne5 15. Nxe6 Rxe6 16. Ne2 Be7 17. Rxd8+ Bxd8 18. b3 Be7 19. Kb2 Nd7 20. Rd1 c5
21. Nf4 Rc6 22. Nd5 Bf6+ 23. Nxf6 Nxf6 24. Bg5 h6 25. Bxf6 Rxf6 26. Rd5 Rd6 27. Kc3 b6 28. Rxd6 cxd6 29. Kc4 Kd7 30. Kd5 g6
31. f4 f6 32. c3 b5 33. h4 h5 34. g3 a5 35. c4 bxc4 36. bxc4 a4 37. e5 fxe5 38. fxe5 dxe5 39. Kxe5
1-0

[Event "Welcome Tournament for New Players #5"]
[Site "SchemingMind.com"]
[Date "2008.01.14"]
[Round "-"]
[White "Lucas the Pirate"]
[Black "MazetaFighter"]
[Result "0-1"]
[WhiteCountry "ISR"]
[BlackCountry "GRE"]
[WhiteElo "1769"]
[WhiteRD "157"]
[BlackElo "2002"]
[BlackRD "69"]
[GameID "137294"]

1. Nf3 d5 2. g3 Nf6 3. Bg2 c6 4. O-O Bf5 5. d4 e6 6. Bg5 Qb6 7. Ne5 Qxb2 8. g4 Bxc2 9. Qd2 Qxa1 10. Qxc2 Qxd4
11. Bxf6 gxf6 12. Nf3 Qxg4 13. Nc3 Rg8 14. Ne1 Bb4 15. Kh1 Bxc3 16. Qxc3 Nd7 17. e4 Ne5 18. exd5 exd5 19. Bh3 Qc4 20. Qxc4 dxc4
21. Nc2 Nd3 22. Nd4 Kd8 23. Nf5 Kc7 24. Nh6 Rg6 25. Nf5 Rag8 26. Ne7 Rg1+
0-1

[Event "Welcome Tournament for New Players #5"]
[Site "SchemingMind.com"]
[Date "2008.01.14"]
[Round "-"]
[White "the_pawn"]
[Black "Lucas the Pirate"]
[Result "1-0"]
[WhiteCountry "USA"]
[BlackCountry "ISR"]
[WhiteElo "1969"]
[WhiteRD "130"]
[BlackElo "1746"]
[BlackRD "193"]
[GameID "137397"]

1. e4 e5 2. Bc4 Nf6 3. d4 exd4 4. Nf3 Bc5 5. e5 Ng4 6. h3 Nxf2 7. Kxf2 d5 8. exd6 O-O 9. dxc7 Qxc7 10. Nbd2 d3+
11. Kf1 dxc2 12. Qxc2 Nd7 13. Ne4 Bb6 14. Bb3 Qd8 15. Bg5 Qe8 16. Nd6
1-0

[Event "Welcome Tournament for New Players #5"]
[Site "SchemingMind.com"]
[Date "2008.01.14"]
[Round "-"]
[White "the_pawn"]
[Black "MazetaFighter"]
[Result "1/2-1/2"]
[WhiteCountry "USA"]
[BlackCountry "GRE"]
[WhiteElo "1883"]
[WhiteRD "152"]
[BlackElo "1780"]
[BlackRD "129"]
[GameID "137398"]

1. e4 e5 2. Nf3 Nc6 3. Bc4 Nf6 4. d3 Be7 5. Nc3 d6 6. h3 Be6 7. Bb3 Bxb3 8. axb3 d5 9. Bg5 dxe4 10. dxe4 Qxd1+
11. Rxd1 Rd8 12. Rxd8+ Bxd8 13. Ke2 O-O 14. Bxf6 Bxf6 15. Nd5 Rc8 16. Nxf6+ gxf6 17. c3 Rd8 18. Rd1 Rxd1 19. Kxd1 Kf8 20. b4 Ke7
21. Ke2 Ke6 22. Ke3 a6 23. g4 b6=
1/2-1/2

[Event "Welcome Tournament for New Players #5"]
[Site "SchemingMind.com"]
[Date "2008.01.14"]
[Round "-"]
[White "Lucas the Pirate"]
[Black "the_pawn"]
[Result "0-1"]
[WhiteCountry "ISR"]
[BlackCountry "USA"]
[WhiteElo "1789"]
[WhiteRD "133"]
[BlackElo "2088"]
[BlackRD "108"]
[GameID "137399"]

1. Nf3 Nf6 2. d4 g6 3. g3 Bg7 4. Bg2 O-O 5. O-O b6 6. c4 Bb7 7. Nc3 Ne4 8. Nxe4 Bxe4 9. Bf4 Nc6 10. d5 Bxf3
11. Bxf3 Ne5 12. Bg2 Nxc4 13. d6 c6 14. dxe7 Qxe7 15. Rb1 d5 16. Qc2 b5 17. e4 d4 18. Rbd1 d3 19. Rxd3 Nxb2 20. Bd6 Qd7
21. Rd2 Nc4 22. Bxf8 Qxd2 23. Qxd2 Nxd2 24. Rd1 Rxf8 25. Rxd2 c5 26. Rd5 Bd4 27. Kf1 a5 28. Ke2 b4 29. Kd3 Bxf2 30. Kc4 a4
31. e5 Re8 32. Bh3 Bd4 33. e6 fxe6 34. Rd6 e5 35. Be6+ Kg7 36. Bd7 Rd8
0-1

[Event "Welcome Tournament for New Players #5"]
[Site "SchemingMind.com"]
[Date "2008.01.14"]
[Round "-"]
[White "MazetaFighter"]
[Black "the_pawn"]
[Result "0-1"]
[WhiteCountry "GRE"]
[BlackCountry "USA"]
[WhiteElo "1780"]
[WhiteRD "129"]
[BlackElo "1883"]
[BlackRD "152"]
[GameID "137400"]

1. e4 c5 2. Nf3 d6 3. d4 cxd4 4. Nxd4 Nf6 5. Nc3 e6 6. Bg5 Be7 7. f4 h6 8. Bxf6 Bxf6 9. Qd2 O-O 10. O-O-O e5
11. Nf3 exf4 12. Qxd6 Qxd6 13. Rxd6 Bxc3 14. bxc3 Nc6 15. Bb5 Be6 16. a3 Rfd8 17. Rhd1 Rxd6 18. Rxd6 Rd8 19. Rd3 Rc8 20. Kd2 Na5
21. Ne5 Rc5 22. Rd8+ Kh7 23. Nxf7 Rxb5 24. Nd6 Rg5
0-1

[Event "Welcome Tournament for New Players #5"]
[Site "SchemingMind.com"]
[Date "2008.01.14"]
[Round "-"]
[White "psyberduck"]
[Black "Lucas the Pirate"]
[Result "0-1"]
[WhiteCountry "USA"]
[BlackCountry "ISR"]
[WhiteElo "1443"]
[WhiteRD "132"]
[BlackElo "1794"]
[BlackRD "127"]
[GameID "137406"]

1. e4 e5 2. Nf3 Nc6 3. Nc3 Nf6 4. Bc4 Bd6 5. O-O O-O 6. d4 exd4 7. Nxd4 Be5 8. Be3 Na5 9. b3 Nxc4 10. bxc4 b6
11. Bg5 c5 12. Nf5 Bxc3 13. Rb1 Be5 14. f4 Bd4+ 15. Kh1 Qe8 16. Re1 Qe6 17. Bxf6 Qxf6 18. Rc1 Bc3 19. Re3 g6 20. Nh6+ Kg7
21. Rh3 d6 22. g4 Qd4
0-1

[Event "Welcome Tournament for New Players #5"]
[Site "SchemingMind.com"]
[Date "2008.01.14"]
[Round "-"]
[White "psyberduck"]
[Black "the_pawn"]
[Result "0-1"]
[WhiteCountry "USA"]
[BlackCountry "USA"]
[WhiteElo "1469"]
[WhiteRD "132"]
[BlackElo "2088"]
[BlackRD "108"]
[GameID "137407"]

1. e4 c5 2. Nf3 d6 3. Nc3 Nf6 4. Bc4 Nc6 5. O-O g6 6. d3 Bg7 7. Bf4 Bd7 8. Ng5 O-O 9. Nd5 Nxd5 10. exd5 Na5
11. Re1 b5 12. d4 Nxc4 13. dxc5 dxc5 14. b3 Bxa1 15. Qxa1 Nd6 16. Be3 f6 17. Nh3 Bxh3 18. gxh3 Nf5 19. Qd1 c4 20. Qg4 Qxd5
21. Bh6 Nxh6 22. Qe2 Nf5 23. Qe4 Qxe4 24. Rxe4 Rfd8 25. Re1 c3 26. b4 Rd2 27. Kg2 Rad8 28. a3 Rxc2
0-1

[Event "Welcome Tournament for New Players #5"]
[Site "SchemingMind.com"]
[Date "2008.01.14"]
[Round "-"]
[White "psyberduck"]
[Black "MazetaFighter"]
[Result "0-1"]
[WhiteCountry "USA"]
[BlackCountry "GRE"]
[WhiteElo "1469"]
[WhiteRD "132"]
[BlackElo "2004"]
[BlackRD "71"]
[GameID "137408"]

1. e4 e5 2. Nf3 Nc6 3. c3 d5 4. d4 dxe4 5. Nfd2 Nf6 6. Bc4 exd4 7. cxd4 Qxd4 8. Bb3 Bc5 9. O-O Bg4 10. Qe1 O-O-O
11. Nc3 e3 12. Nc4 exf2+ 13. Rxf2 Qxf2+ 14. Qxf2 Bxf2+ 15. Kxf2 Rhe8 16. Be3 Ne4+ 17. Kf1 Nxc3 18. bxc3 Be6 19. Bg5 f6 20. Be3 Bxc4+
21. Bxc4 Rxe3 22. Rc1 Rd2 23. Bb3 Ree2 24. g4 Rxh2 25. Ke1 Ne5 26. Be6+ Kd8
0-1

[Event "Welcome Tournament for New Players #5"]
[Site "SchemingMind.com"]
[Date "2008.01.14"]
[Round "-"]
[White "Lucas the Pirate"]
[Black "psyberduck"]
[Result "1-0"]
[WhiteCountry "ISR"]
[BlackCountry "USA"]
[WhiteElo "1782"]
[WhiteRD "127"]
[BlackElo "1456"]
[BlackRD "132"]
[GameID "137409"]

1. Nf3 d5 2. d4 Nc6 3. Nc3 Nf6 4. e3 Bf5 5. Be2 e6 6. O-O Bd6 7. Bd2 O-O 8. Nb5 a6 9. Nxd6 cxd6 10. c4 dxc4
11. Bxc4 d5 12. Bb3 Ne4 13. Rc1 Na5 14. Bxa5 Qxa5 15. Ne5 Nd2 16. Re1 f6 17. Nd7 Rfd8 18. Nc5 b6 19. Nb7 Qb4 20. Rc3 Ne4
21. Rc7
1-0

[Event "Welcome Tournament for New Players #5"]
[Site "SchemingMind.com"]
[Date "2008.01.14"]
[Round "-"]
[White "the_pawn"]
[Black "psyberduck"]
[Result "1-0"]
[WhiteCountry "USA"]
[BlackCountry "USA"]
[WhiteElo "2063"]
[WhiteRD "113"]
[BlackElo "1685"]
[BlackRD "225"]
[GameID "137410"]

1. e4 e5 2. Nf3 Nf6 3. d4 Nc6 4. Bc4 d5 5. exd5 Nxd5 6. dxe5 Qe7 7. Bxd5 Nxe5 8. O-O c6 9. Nxe5 Qf6 10. Bxf7+ Ke7
11. Re1 Be6 12. Bxe6 Rd8 13. Nxc6+ bxc6 14. Bc4+ Qe6 15. Rxe6+ Kf7 16. Qf3+
1-0

[Event "Welcome Tournament for New Players #5"]
[Site "SchemingMind.com"]
[Date "2008.01.14"]
[Round "-"]
[White "MazetaFighter"]
[Black "psyberduck"]
[Result "1-0"]
[WhiteCountry "GRE"]
[BlackCountry "USA"]
[WhiteElo "2002"]
[WhiteRD "69"]
[BlackElo "1620"]
[BlackRD "155"]
[GameID "137411"]

1. e4 e5 2. Nf3 Nc6 3. Bb5 a6 4. Bxc6 bxc6 5. d4 d5 6. dxe5 Ne7 7. exd5 cxd5 8. Nc3 c5 9. Bg5 d4 10. Ne4 Qa5+
11. Bd2 Qb5 12. Nd6+ Kd8 13. Nxb5 axb5 14. O-O Nd5 15. Ng5 Be6 16. f4 h6 17. Nxe6+ fxe6 18. f5 exf5 19. Rxf5 Ne7 20. Qf3 Ng6
21. Qxa8+ Ke7 22. Qb7+ Ke6 23. Qf7#
1-0

[Event "Welcome Tournament for New Players #5"]
[Site "SchemingMind.com"]
[Date "2008.01.14"]
[Round "-"]
[White "bodek77"]
[Black "Lucas the Pirate"]
[Result "1-0"]
[WhiteCountry "POL"]
[BlackCountry "ISR"]
[WhiteElo "1907"]
[WhiteRD "73"]
[BlackElo "1789"]
[BlackRD "133"]
[GameID "137412"]

1. e4 e5 2. Nf3 Nf6 3. d3 Nc6 4. d4 exd4 5. Nxd4 Nxd4 6. Qxd4 d6 7. e5 c5 8. Qh4 dxe5 9. Nc3 Be7 10. Qg3 Nh5
11. Qxe5 Nf6 12. Be3 Qa5 13. Bb5+ Bd7 14. Bxc5 O-O 15. Bxe7 Rfe8 16. O-O-O Bxb5 17. Nxb5 a6 18. Rd3 axb5 19. Qxf6 Ra6 20. Qd4 h6
21. Ba3 Rae6 22. b4 Qc7 23. Bb2 f6 24. Qd5 Kh8 25. g3 Qe7 26. Bc3 Re2 27. Qxb5 Qe6 28. Re3 Rxe3 29. fxe3 Ra8 30. Qxb7 Rxa2
31. Qf3 Qc4 32. e4 Ra3 33. Kd2 Ra2 34. Qd3 Qe6 35. Qd5
1-0

[Event "Welcome Tournament for New Players #5"]
[Site "SchemingMind.com"]
[Date "2008.01.14"]
[Round "-"]
[White "bodek77"]
[Black "the_pawn"]
[Result "0-1"]
[WhiteCountry "POL"]
[BlackCountry "USA"]
[WhiteElo "1786"]
[WhiteRD "121"]
[BlackElo "1969"]
[BlackRD "130"]
[GameID "137413"]

1. e4 c5 2. Nc3 Nc6 3. Bc4 Ne5 4. d3 Nxc4 5. dxc4 g6 6. Nf3 Bg7 7. O-O d6 8. h3 Bxc3 9. bxc3 Be6 10. Qd3 Qb6
11. Ng5 Nf6 12. Nxe6 fxe6 13. Bg5 Rf8 14. Rab1 Qc6 15. Bxf6 exf6 16. f4 O-O-O 17. f5 gxf5 18. exf5 Rg8 19. g4 e5 20. Qf3 Qxf3
21. Rxf3 h5 22. Rg3= hxg4 23. hxg4 Rg7 24. Kf2 Rdg8 25. Kf3 Rh8 26. Rbg1 Rh4 27. Ke4 Kd7 28. Kf3 b6 29. Ke4 Kc6 30. R1g2 a6
31. a3 b5 32. cxb5+ axb5 33. c4 bxc4 34. c3 d5+ 35. Kf3 d4 36. cxd4 cxd4 37. a4 c3 38. Ke4 Rb7 39. a5 Rb2 40. Kd3 Kd5
41. Rxb2 e4+ 42. Kc2 Rh2+ 43. Kc1 Rxb2
0-1

[Event "Welcome Tournament for New Players #5"]
[Site "SchemingMind.com"]
[Date "2008.01.14"]
[Round "-"]
[White "bodek77"]
[Black "MazetaFighter"]
[Result "1/2-1/2"]
[WhiteCountry "POL"]
[BlackCountry "GRE"]
[WhiteElo "1698"]
[WhiteRD "168"]
[BlackElo "1780"]
[BlackRD "129"]
[GameID "137414"]

1. e4 e5 2. Nf3 Nc6 3. d3 d5 4. exd5 Qxd5 5. c4 Bb4+ 6. Bd2 Qc5 7. a3 Bxd2+ 8. Qxd2 Nf6 9. b4 Qe7 10. b5 Nd4
11. Nxd4 exd4+ 12. Be2 Bf5 13. O-O O-O 14. Re1 Rfe8 15. h3 Rad8 16. Qc2 Qd7 17. Nd2 Re7 18. Nf3 Qd6=
1/2-1/2

[Event "Welcome Tournament for New Players #5"]
[Site "SchemingMind.com"]
[Date "2008.01.14"]
[Round "-"]
[White "bodek77"]
[Black "psyberduck"]
[Result "1-0"]
[WhiteCountry "POL"]
[BlackCountry "USA"]
[WhiteElo "1891"]
[WhiteRD "77"]
[BlackElo "1620"]
[BlackRD "155"]
[GameID "137415"]

1. e4 e5 2. Bc4 Nf6 3. Nc3 c6 4. d4 d5 5. dxe5 Nfd7 6. exd5 cxd5 7. Nxd5 Nxe5 8. Qe2 Bd6 9. f4 O-O 10. fxe5 Bb4+
11. Nxb4 Nc6 12. Nxc6 bxc6 13. Nf3 Re8 14. Ng5 Re7 15. O-O Kf8 16. Nxf7 Qd4+ 17. Be3 Qd7 18. Nd6+ Rf7 19. Rxf7+ Qxf7 20. Nxf7 Ke7
21. Bc5+ Kd7 22. Bd6 c5 23. Bb5+ Ke6 24. Qc4+ Kf5 25. Rf1+
1-0

[Event "Welcome Tournament for New Players #5"]
[Site "SchemingMind.com"]
[Date "2008.01.14"]
[Round "-"]
[White "Lucas the Pirate"]
[Black "bodek77"]
[Result "1-0"]
[WhiteCountry "ISR"]
[BlackCountry "POL"]
[WhiteElo "1789"]
[WhiteRD "133"]
[BlackElo "1907"]
[BlackRD "73"]
[GameID "137416"]

1. e4 e5 2. Nf3 d6 3. d4 exd4 4. Nxd4 c5 5. Nb5 a6 6. N5c3 Nf6 7. Bc4 b5 8. Bd3 c4 9. Be2 Qe7 10. Bg5 h6
11. Bxf6 Qxf6 12. Nd2 Bb7 13. O-O Be7 14. Nd5 Bxd5 15. exd5 Qxb2 16. Ne4 f5 17. Bh5+ Kd8 18. Ng3 Qf6 19. Qd2 g6 20. Be2 f4
21. Ne4 Qe5 22. Nc3 Bg5 23. Bf3 Bf6 24. Ne4 Nd7 25. Rae1 c3 26. Qd3 Qd4 27. Qxd4 Bxd4 28. Nxd6 Kc7 29. Nf7 Rh7 30. d6+ Kb6
31. Bxa8 Rxf7 32. Re7 Rf8 33. Rxd7 Rxa8 34. Rd1 Re8 35. Kf1 Bc5 36. Rh7
1-0

[Event "Welcome Tournament for New Players #5"]
[Site "SchemingMind.com"]
[Date "2008.01.14"]
[Round "-"]
[White "the_pawn"]
[Black "bodek77"]
[Result "1-0"]
[WhiteCountry "USA"]
[BlackCountry "POL"]
[WhiteElo "1969"]
[WhiteRD "130"]
[BlackElo "1786"]
[BlackRD "121"]
[GameID "137417"]

1. e4 c5 2. Nf3 Nf6 3. e5 Ng8 4. Bc4 d5 5. exd6 Qxd6 6. O-O Nf6 7. Nc3 a6 8. Re1 Nc6 9. Ng5 e6 10. Nce4 Qe5
11. Nxf6+ Qxf6 12. Ne4 Qg6 13. d3 Be7 14. Re3 Qf5 15. Ng3 Qg6 16. Nh5 Bd6 17. f4 f5 18. Bxe6 Ne7 19. Bxc8 Rxc8 20. Re6 Qf7
21. Rxd6 O-O 22. Rd7 g6 23. Ng3 b5 24. Qe2 Rfe8 25. Bd2 Rc6 26. Re1 Kf8 27. Ba5 Rcc8 28. Qe5 h5 29. Bc3 Rcd8 30. Qh8+ Qg8
31. Qh6+ Kf7 32. Qg5 Kf8 33. Rxd8
1-0

[Event "Welcome Tournament for New Players #5"]
[Site "SchemingMind.com"]
[Date "2008.01.14"]
[Round "-"]
[White "MazetaFighter"]
[Black "bodek77"]
[Result "1-0"]
[WhiteCountry "GRE"]
[BlackCountry "POL"]
[WhiteElo "1780"]
[WhiteRD "129"]
[BlackElo "1698"]
[BlackRD "168"]
[GameID "137418"]

1. e4 e5 2. Nf3 Nc6 3. Bb5 d6 4. d4 Bg4 5. Nc3 exd4 6. Qxd4 a6 7. Bxc6+ bxc6 8. Bg5 f6 9. Be3 f5 10. Bg5 Nf6
11. Bxf6 gxf6 12. exf5 Bxf5 13. O-O-O Bh6+ 14. Kb1 Rg8 15. Rhe1+ Kf8 16. Ne4 Rg4 17. g3 d5 18. Qxf6+ Qxf6 19. Nxf6 Rc4 20. Nd4 Bg6
21. Nd7+ Kg8 22. b3 Rxd4 23. Rxd4 Rd8 24. Nf6+ Kg7 25. Ng4 c5 26. Ra4 Bd2 27. Re7+ Kf8 28. Rxc7 c4 29. Rxa6 Bc3 30. Rca7 Be8
31. Ra8 Rd7 32. Re6 Re7 33. Rxe7 Kxe7 34. Ne3 Bf7 35. bxc4 dxc4 36. a4 Kd6 37. a5 Kc6 38. a6 Kb6 39. a7 Kb7 40. Rf8
1-0

[Event "Welcome Tournament for New Players #5"]
[Site "SchemingMind.com"]
[Date "2008.01.14"]
[Round "-"]
[White "psyberduck"]
[Black "bodek77"]
[Result "0-1"]
[WhiteCountry "USA"]
[BlackCountry "POL"]
[WhiteElo "1620"]
[WhiteRD "155"]
[BlackElo "1891"]
[BlackRD "77"]
[GameID "137419"]

1. e4 e5 2. Nf3 Nc6 3. Nc3 Nf6 4. Bc4 Bc5 5. O-O O-O 6. Nh4 Nxe4 7. Nxe4 Qxh4 8. Nxc5 Qxc4 9. Nd3 d6 10. b3 Qe4
11. Re1 Qg6 12. f4 Bg4 13. Re2 Bxe2 14. Qxe2 Nd4 15. Qe3 Nxc2 16. Qe2 Nxa1 17. Nb4 exf4 18. Bb2 Qb1+ 19. Kf2 Rae8 20. Qc4 Qxb2
21. Nd3 Qxd2+ 22. Kf3 Qe3+ 23. Kg4 Re4 24. Qd5 f3+ 25. Kg3 f2#
0-1

[Event "Welcome Tournament for New Players #5"]
[Site "SchemingMind.com"]
[Date "2008.01.15"]
[Round "-"]
[White "Gwynn"]
[Black "Lucas the Pirate"]
[Result "0-1"]
[WhiteCountry "GER"]
[BlackCountry "ISR"]
[WhiteElo "1375"]
[WhiteRD "79"]
[BlackElo "1769"]
[BlackRD "157"]
[GameID "137453"]

1. e4 e5 2. Nf3 Nc6 3. c3 b6 4. Bc4 Be7 5. Ng5 Bxg5 6. Qh5 Qf6 7. O-O d5 8. Bxd5 Bd7 9. g3 Rd8 10. h4 Bh6
11. Na3 a6 12. d4 exd4 13. Bf4 Bxf4 14. Nc4 Bd6 15. e5 Nxe5 16. Rae1 Ne7 17. cxd4 Nxc4 18. Bxc4 O-O 19. Bd3 Ng6 20. Re4 Rde8
21. Rfe1 Rxe4 22. Rxe4 c5 23. dxc5 Bxc5 24. Re2 Re8 25. Qd5 Rxe2 26. Qa8+ Be8 27. Bxe2 Qxf2+ 28. Kh1 Qg1#
0-1

[Event "Welcome Tournament for New Players #5"]
[Site "SchemingMind.com"]
[Date "2008.01.15"]
[Round "-"]
[White "Gwynn"]
[Black "bodek77"]
[Result "0-1"]
[WhiteCountry "GER"]
[BlackCountry "POL"]
[WhiteElo "1450"]
[WhiteRD "131"]
[BlackElo "1698"]
[BlackRD "168"]
[GameID "137454"]

1. e4 e5 2. Nf3 d6 3. d3 h6 4. Qe2 c5 5. Nc3 Nc6 6. d4 cxd4 7. Nd5 f5 8. g3 fxe4 9. Qxe4 Nf6 10. Qg6+ Kd7
11. Bc4 Nxd5 12. Bxd5 Qa5+ 13. Bd2 Qxd5 14. Qg4+ Kd8 15. Qh4+ Be7 16. Qh5 Rg8 17. O-O g6 18. Qxh6 Qxf3 19. Qh7 Be6 20. c3 Kc7
21. Rac1 Rh8 22. Qxg6 Bh3 23. cxd4 Qg2#
0-1

[Event "Welcome Tournament for New Players #5"]
[Site "SchemingMind.com"]
[Date "2008.01.15"]
[Round "-"]
[White "Gwynn"]
[Black "the_pawn"]
[Result "0-1"]
[WhiteCountry "GER"]
[BlackCountry "USA"]
[WhiteElo "1450"]
[WhiteRD "131"]
[BlackElo "1883"]
[BlackRD "152"]
[GameID "137455"]

1. e4 c5 2. Bc4 Nc6 3. Qh5 e6 4. d3 Nf6 5. Qf3 Nd4 6. Qd1 d5 7. c3 dxc4 8. cxd4 Qxd4 9. Qa4+ Bd7 10. Qxc4 Qxc4
11. dxc4 Nxe4 12. Nd2 Bc6 13. f3 Nd6 14. Ne2 O-O-O 15. O-O Be7 16. Nb3 Nxc4 17. Nf4 b6 18. Re1 Bh4 19. g3 Bf6 20. Bd2 Nxd2
21. Nxd2 Rxd2 22. Rad1 Bd4+ 23. Kh1 Bxf3+ 24. Ng2 Bxg2#
0-1

[Event "Welcome Tournament for New Players #5"]
[Site "SchemingMind.com"]
[Date "2008.01.14"]
[Round "-"]
[White "Gwynn"]
[Black "MazetaFighter"]
[Result "0-1"]
[WhiteCountry "GER"]
[BlackCountry "GRE"]
[WhiteElo "1450"]
[WhiteRD "131"]
[BlackElo "1780"]
[BlackRD "129"]
[GameID "137456"]

1. e4 e5 2. Nc3 Nc6 3. Bc4 Nf6 4. Qf3 Nd4 5. Qd3 Be7 6. Nf3 Nxf3+ 7. Qxf3 d6 8. d3 c6 9. Be3 O-O 10. Qg3 b5
11. Bh6 Nh5 12. Qf3 bxc4 13. Qxh5 gxh6 14. Qxh6 cxd3 15. cxd3 Be6 16. g3 d5 17. Rd1 Bg4 18. f3 Bxf3 19. Rf1 Bxd1 20. Kxd1 Bg5
21. Qh3 d4 22. Ne2 Qa5 23. a3 Qd2#
0-1

[Event "Welcome Tournament for New Players #5"]
[Site "SchemingMind.com"]
[Date "2008.01.14"]
[Round "-"]
[White "Gwynn"]
[Black "psyberduck"]
[Result "0-1"]
[WhiteCountry "GER"]
[BlackCountry "USA"]
[WhiteElo "1360"]
[WhiteRD "83"]
[BlackElo "1469"]
[BlackRD "132"]
[GameID "137457"]

1. e4 e5 2. Nf3 Nf6 3. d3 Nc6 4. g3 Bc5 5. Be3 d6 6. d4 exd4 7. Nxd4 Ne5 8. Bb5+ c6 9. Ba4 b5 10. Bb3 O-O
11. Nc3 b4 12. Na4 Nxe4 13. f3 Nf6 14. f4 Neg4 15. Nxc6 Qc7 16. Nd4 Ba6 17. c3 Rfe8 18. h3 Nxe3 19. Qe2 Bxe2 20. Kxe2 Ng2+
21. Kf2 Ne3 22. Rhe1 Qe7 23. Rxe3 Qxe3+ 24. Kg2 Ne4 25. Rf1 Qd2+
0-1

[Event "Welcome Tournament for New Players #5"]
[Site "SchemingMind.com"]
[Date "2008.01.15"]
[Round "-"]
[White "Lucas the Pirate"]
[Black "Gwynn"]
[Result "1-0"]
[WhiteCountry "ISR"]
[BlackCountry "GER"]
[WhiteElo "1769"]
[WhiteRD "157"]
[BlackElo "1375"]
[BlackRD "79"]
[GameID "137458"]

1. Nf3 e6 2. e4 Nf6 3. Bc4 Bc5 4. d4 Bb6 5. Nc3 c6 6. O-O O-O 7. Bf4 d5 8. Bd3 Na6 9. e5 Ng4 10. h3 Nh6
11. Bxh6 gxh6 12. Qd2 f5 13. exf6 Qxf6 14. Ne2 c5 15. Rad1 Bd7 16. c3 cxd4 17. Nexd4 e5 18. Nxe5 Qxe5 19. Qxh6 Bf5 20. Qg5+ Kh8
21. Nxf5 Rg8 22. Qh5 Raf8 23. Rde1 Bxf2+ 24. Kxf2 Qf4+ 25. Kg1 Rg5 26. Rxf4 Rxh5 27. Re7 Rhxf5 28. Bxf5 Rxf5 29. Rxf5
1-0

[Event "Welcome Tournament for New Players #5"]
[Site "SchemingMind.com"]
[Date "2008.01.14"]
[Round "-"]
[White "bodek77"]
[Black "Gwynn"]
[Result "1-0"]
[WhiteCountry "POL"]
[BlackCountry "GER"]
[WhiteElo "1698"]
[WhiteRD "168"]
[BlackElo "1450"]
[BlackRD "131"]
[GameID "137459"]

1. e4 e5 2. Nf3 Nc6 3. c4 Bc5 4. d3 Qf6 5. a3 Nd4 6. Be2 Nh6 7. h3 Qg6 8. O-O f6 9. Nxd4 Bxd4 10. Bh5 Nf7
11. Bxg6 hxg6 12. Be3 Ng5 13. Bxd4 exd4 14. f4 Ne6 15. f5 g5 16. fxe6 dxe6 17. Nd2 Bd7 18. Nb3 Ba4 19. Re1 e5 20. c5 c6
21. Qc2 Bb5 22. Na5 Rb8 23. Qb3 Ke7 24. Nc4 Bxc4 25. dxc4 Kd7 26. a4 Rh4 27. a5 a6 28. Qb6 Kc8 29. b4
1-0

[Event "Welcome Tournament for New Players #5"]
[Site "SchemingMind.com"]
[Date "2008.01.14"]
[Round "-"]
[White "the_pawn"]
[Black "Gwynn"]
[Result "1-0"]
[WhiteCountry "USA"]
[BlackCountry "GER"]
[WhiteElo "1883"]
[WhiteRD "152"]
[BlackElo "1450"]
[BlackRD "131"]
[GameID "137460"]

1. e4 e5 2. Bc4 Nf6 3. d4 Bb4+ 4. c3 Bd6 5. dxe5 Bxe5 6. f4 Bd6 7. e5 Qe7 8. Ne2 b5 9. exd6 Qe4 10. Bxb5 Nc6
11. O-O Ne7 12. dxe7 c6 13. Nd4 cxb5 14. Re1 Qd5 15. Re5 Qd6 16. Qf3 Rb8 17. Nf5 Rg8 18. Nxd6#
1-0

[Event "Welcome Tournament for New Players #5"]
[Site "SchemingMind.com"]
[Date "2008.01.14"]
[Round "-"]
[White "MazetaFighter"]
[Black "Gwynn"]
[Result "1-0"]
[WhiteCountry "GRE"]
[BlackCountry "GER"]
[WhiteElo "1780"]
[WhiteRD "129"]
[BlackElo "1450"]
[BlackRD "131"]
[GameID "137461"]

1. e4 e5 2. Nf3 d6 3. d4 Nf6 4. Nc3 Be6 5. dxe5 dxe5 6. Qxd8+ Kxd8 7. Nxe5 Ke7 8. Be2 Nbd7 9. Nxd7 Kxd7 10. Bf4 Bd6
11. e5 Bc5 12. exf6 gxf6 13. Rd1+ Ke7 14. O-O Rhg8 15. Rfe1 f5 16. Bc4 Rad8 17. Nd5+ Kf8 18. Bh6+ Rg7 19. Bxg7+ Kxg7 20. Ne3 Rd6
21. Rxd6 Bxd6 22. Bxe6 fxe6 23. Nc4 Bb4 24. Rxe6 Kf7 25. Re2 h5 26. c3 Bc5 27. Re5 b6 28. Rxf5+ Ke6 29. Rxh5 Kd7 30. g4 Ke8
31. g5 Be7 32. Ne5 c5 33. Rh8+ Bf8 34. Ng6 Kf7 35. Nxf8 Kg7 36. Rh7+ Kxf8 37. g6 Kg8 38. f4
1-0

[Event "Welcome Tournament for New Players #5"]
[Site "SchemingMind.com"]
[Date "2008.01.14"]
[Round "-"]
[White "psyberduck"]
[Black "Gwynn"]
[Result "1-0"]
[WhiteCountry "USA"]
[BlackCountry "GER"]
[WhiteElo "1620"]
[WhiteRD "155"]
[BlackElo "1375"]
[BlackRD "79"]
[GameID "137462"]

1. e4 e5 2. Nf3 Nc6 3. Nc3 b6 4. Bc4 Nf6 5. O-O Ng4 6. h3 Nh6 7. Nd5 Ne7 8. d4 Nxd5 9. exd5 c6 10. Nxe5 cxd5
11. Bxd5 f6 12. Ng4 Rb8 13. Re1+ Be7 14. Bf4 Nxg4 15. hxg4 g5 16. Bxb8 Ba6 17. Bd6 Rf8 18. Bxe7 Qb8 19. Bxf8+ Kxf8 20. Qf3 Bb7
21. Bxb7
1-0

[Event "Welcome Tournament for New Players #5"]
[Site "SchemingMind.com"]
[Date "2008.01.18"]
[Round "-"]
[White "dtedesco"]
[Black "Lucas the Pirate"]
[Result "0-1"]
[WhiteCountry "CAN"]
[BlackCountry "ISR"]
[WhiteElo "1379"]
[WhiteRD "56"]
[BlackElo "1771"]
[BlackRD "183"]
[GameID "137804"]

1. e4 e5 2. d3 Nf6 3. Nc3 Bb4 4. Bd2 O-O 5. Nf3 d6 6. a3 Bxc3 7. Bxc3 Nc6 8. d4 Nxe4 9. Bc4 d5 10. Bb3 Nxc3
11. bxc3 e4 12. Nd2 Qg5 13. h3 Qxg2 14. Ke2 Bxh3 15. Nf1 Bg4+ 16. Kd2 Bxd1 17. Rxd1 Qxh1 18. Ke2 Qf3+ 19. Ke1 Qxc3+
0-1